Matheseos elementa ad seminariorum : usum scripta /

Salvato in:
Dettagli Bibliografici
Natura: Libro
Lingua:latino
Soggetti:
Tags: Aggiungi Tag
Nessun Tag, puoi essere il primo ad aggiungerne!!

MARC

LEADER 00000nam^a2200000^a^4500
001 000387058
005 20250526000000.0
009 20260310121017.175
037 |a Acervo Xavier Clavigero 
041 |a LAT 
082 |a 510.  |b MAT 
245 0 0 |a Matheseos elementa ad seminariorum :  |b usum scripta / 
264 |a México :  |b Imprenta de Tomás S. Gardida,  |c 1854 
300 |a 206 p., [5] láminas ;  |c 16.5 cm. 
336 |a texto  |b txt  |2 rdacontenido 
337 |a sin mediación  |b n  |2 rdamedio 
338 |a volumen  |b nc  |2 rdasoporte 
501 |a Encuadernación particular 
561 |a Ex libris manuscrito de Manuel M. Soto 
562 |a Falta cubierta 
649 |a XX 
650 |a Geometría Analítica 
650 |a Geometría Algebraica 
650 |a Algebra 
650 |a Aritmética 
650 |a Matemáticas -  |x Problemas, Ejercicios, etc 
650 |a Matemáticas -  |x Tema Principal 
910 |a Fondo General 
920 |a Impresos - Libros 
930 |a Libros Antiguos y Raros 
905 |a 108 
901 |a 0500281806  |b IT2  |c LRA  |u 20250526 
902 |a https://opac.biblio.iteso.mx/vufind/Record/000387058